000 00640nam a2200205 a 4500
005 20240320063711.0
008 090824s2005 mx r 000 0 spa d
020 _a9686871896
035 _aUPN01000171997
049 _aCG
050 4 _aPS3545 I3.45
_bP8.4
100 1 _aWilder, Thornton Niven,
_d1897-1975
_930668
245 1 3 _aEl puente de San Luis Rey /
_cThornton Wilder ; tr. Ricardo Baeza.
260 _aMéxico :
_bFactoría,
_c2005.
300 _a174 p.
440 3 _aEl altar de los muertos ;
_v24
534 _pTítulo original:
_tThe bridge of San Luis Rey (1927)
650 4 _aNovela estadounidense
_94462
905 _aLibro
999 _c144101
_d144101